| 000 | 01212nam a2200313 a 4500 | ||
|---|---|---|---|
| 001 | 000046774 | ||
| 003 | DO-SdBNP | ||
| 005 | 20240302073951.0 | ||
| 007 | ta | ||
| 008 | 180323e2014 a gr 001 dspa d | ||
| 020 | _a9789945468199 | ||
| 040 |
_aDO-SdBNP _bspa _cBNPHU |
||
| 082 | 4 |
_a923.57293 _bD985C, 2014 _222 |
|
| 100 | 1 |
_aCassá, Roberto, _d1948- _910888 |
|
| 245 | 0 |
_aAntonio Duvergé : _bprimer guerrero de la Independencia / _cRoberto Cassá; Ilustraciones de José Mercader |
|
| 250 | _a2a. ed. | ||
| 260 |
_aSanto Domingo : _cTobogán, _c2014 |
||
| 300 |
_a48 p. : _bil. ; _c24 cm. |
||
| 490 | 1 | _aBiografias Dominicanas | |
| 500 | _aIncluye datos biograficos del autor e ilustrador. | ||
| 504 | _aBibliografía: p, 45 | ||
| 505 | 0 |
_tEl jefe militar -- _tOrígenes y años formativos -- _tIngreso a la tropa -- _tHacia la frontera -- _tDerrotsa sucesivas y El Número -- _tPersecución y juicio -- _tConfinamiento y ejecución -- |
|
| 590 | _aInventariado,2018 / DG | ||
| 600 | 4 |
_934515 _aDuvergé, Antonio _d1807-1855 |
|
| 651 | 4 |
_aRepública Dominicana _vBiografías _91083 |
|
| 700 |
_aMercader, José, _eil. _956560 |
||
| 830 |
_aTobogán: _pBiografías Dominicanas _983053 |
||
| 942 |
_2ddc _cLF2 |
||
| 999 |
_c46263 _d46263 |
||